[Event "Sparkassen-Open A"]
[Site "Heusenstamm, Martinsee"]
[Date "2025.11.22"]
[Round "5.11"]
[White "Wolf, Ulrich Martin"]
[Black "Panjer, Sidney"]
[Result "1/2-1/2"]
[WhiteElo "2137"]
[BlackElo "2287"]
[PlyCount "70"]
[EventDate "2025.11.20"]
[WhiteTeam "SK Bad Homburg 1927"]
[BlackTeam "Krefelder SK Turm 1851 e"]

1. d4 d5 2. Nf3 Nf6 3. g3 e6 4. Bg2 Be7 5. O-O O-O 6. c4 dxc4 7. Qc2 b5 8. a4 b4 9. Nbd2 Bb7 10. Nxc4 c5 11. dxc5 Be4 12. Qb3 Na6 13. Be3 Nxc5 14. Bxc5 Bxc5 15. Rfd1 Qe7 16. Nfe5 Bxg2 17. Kxg2 Rac8 18. Qf3 Nd5 19. e4 Nf6 20. Qe2 Qb7 21. f3 Be7 22. Rd3 Rfd8 23. Rad1 Qc7 24. R1d2 h6 25. Qd1 Rxd3 26. Rxd3 Qc5 27. b3 Qc7 28. Qd2 Qb7 29. h4 h5 30. Kh3 Qc7 31. Rd4 Bc5 32. Rd3 Be7 33. Kg2 Qb7 34. Rd4 Qc7 35. Rd3 Qb7 1/2-1/2

[Event "Sparkassen-Open A"]
[Site "Heusenstamm, Martinsee"]
[Date "2025.11.22"]
[Round "5.12"]
[White "Podat, Vladimir"]
[Black "Marcziter, Dmitrii"]
[Result "1-0"]
[WhiteElo "2278"]
[BlackElo "2165"]
[PlyCount "35"]
[EventDate "2025.11.20"]
[WhiteTeam "SC Untergrombach 46"]
[BlackTeam "Schachgemeinschaft Porz e. V."]

1. e4 c5 2. Nc3 a6 3. g3 b5 4. Bg2 Bb7 5. d3 e6 6. Nf3 Nc6 7. O-O Nf6 8. e5 b4 9. exf6 bxc3 10. fxg7 Bxg7 11. bxc3 Bxc3 12. Rb1 Ra7 13. Ng5 Bg7 14. Qh5 Qe7 15. Bxc6 dxc6 16. Ba3 h6 17. Ne4 Bd4 18. c3 1-0

[Event "Sparkassen-Open A"]
[Site "Heusenstamm, Martinsee"]
[Date "2025.11.22"]
[Round "5.13"]
[White "Vedant Kumar Saravana"]
[Black "Bentel, Robin"]
[Result "0-1"]
[WhiteElo "2108"]
[BlackElo "2243"]
[PlyCount "51"]
[EventDate "2025.11.20"]
[WhiteTeam "Skakforeningen Obro"]
[BlackTeam "Schachfreunde Lieme e. V."]

1. e4 c5 2. Nf3 e6 3. d4 cxd4 4. Nxd4 a6 5. Be2 Nf6 6. Nc3 d6 7. Be3 Be7 8. g4 Qc7 9. a4 Nc6 10. Nxc6 bxc6 11. h3 a5 12. Qd4 e5 13. Qd2 Rb8 14. b3 d5 15. Na2 d4 16. Bxd4 exd4 17. Qxd4 O-O 18. Bd3 Bd6 19. Rd1 Re8 20. O-O h5 21. f3 Nd7 22. Kg2 Bc5 23. Qc4 Qf4 24. Be2 h4 25. Rd4 Qg3+ 26. Kh1 0-1

[Event "Sparkassen-Open A"]
[Site "Heusenstamm, Martinsee"]
[Date "2025.11.22"]
[Round "5.14"]
[White "Villwock, Martin"]
[Black "Eilers, Stefan"]
[Result "1/2-1/2"]
[WhiteElo "2041"]
[BlackElo "2280"]
[PlyCount "46"]
[EventDate "2025.11.20"]
[WhiteTeam "Schachfreunde Essen-Katernberg 0"]
[BlackTeam "SAbt SG 1945 Dietzenbach"]

1. e4 d6 2. d4 Nf6 3. Nc3 e5 4. Nge2 c6 5. a4 Be7 6. g3 a5 7. Bg2 O-O 8. O-O Na6 9. h3 Nb4 10. Be3 h5 11. Qd2 d5 12. Rad1 exd4 13. Bxd4 Nxe4 14. Nxe4 dxe4 15. Nf4 Bf6 16. Bxf6 Qxf6 17. Nxh5 Qe5 18. g4 f5 19. Qg5 Re8 20. Rd6 fxg4 21. Nf6+ Kf8 22. Nh7+ Kg8 23. Nf6+ Kf8 1/2-1/2

[Event "Sparkassen-Open A"]
[Site "Heusenstamm, Martinsee"]
[Date "2025.11.22"]
[Round "5.15"]
[White "Wilhelm, Jochen"]
[Black "Doll, Alexander"]
[Result "0-1"]
[WhiteElo "2031"]
[BlackElo "2234"]
[PlyCount "66"]
[EventDate "2025.11.20"]
[WhiteTeam "SC 1970 Lorsch"]
[BlackTeam "SC Untergrombach 46"]

1. e4 e5 2. Nf3 Nc6 3. Bb5 a6 4. Ba4 Nf6 5. O-O Nxe4 6. d4 Be7 7. Qe2 b5 8. Bb3 d5 9. dxe5 Na5 10. Rd1 c6 11. c3 Nxb3 12. axb3 Qc7 13. c4 O-O 14. Nc3 Nxc3 15. bxc3 dxc4 16. bxc4 bxc4 17. Qxc4 c5 18. Bf4 Be6 19. Qe4 h6 20. h3 Rfb8 21. Nd2 a5 22. Rdb1 Rxb1+ 23. Rxb1 Ra7 24. Nc4 a4 25. Nd6 Qd7 26. Rb8+ Bf8 27. Ne8 Qd5 28. Qe3 Ra8 29. Qg3 Kh7 30. Bxh6 Rxb8 31. Bxg7 Rxe8 32. Qh4+ Kxg7 33. Qf6+ Kg8 0-1

[Event "Sparkassen-Open A"]
[Site "Heusenstamm, Martinsee"]
[Date "2025.11.22"]
[Round "5.16"]
[White "Papadopoulos, Ioannis"]
[Black "Stephanblome, Felix"]
[Result "1/2-1/2"]
[WhiteElo "2240"]
[BlackElo "2102"]
[PlyCount "48"]
[EventDate "2025.11.20"]
[WhiteTeam "SV Oberursel"]
[BlackTeam "SV 1934 Ffm-Griesheim (V)"]

1. e4 e5 2. Nf3 Nc6 3. Bc4 Bc5 4. c3 Nf6 5. d3 d6 6. O-O a6 7. a4 O-O 8. Re1 Ba7 9. h3 Kh8 10. Nbd2 Ng8 11. Nf1 f5 12. Bg5 Nf6 13. exf5 Bxf5 14. Ng3 Bg6 15. d4 exd4 16. cxd4 d5 17. Bd3 Nxd4 18. Nxd4 Bxd4 19. Bxg6 Bxf2+ 20. Kxf2 Ng8+ 21. Kg1 Qxg5 22. Bxh7 Kxh7 23. Qc2+ Qg6 24. Qxc7 Rac8 1/2-1/2

[Event "Sparkassen-Open A"]
[Site "Heusenstamm, Martinsee"]
[Date "2025.11.22"]
[Round "5.17"]
[White "Browning, Alex"]
[Black "Heimrath, Reiner"]
[Result "1-0"]
[WhiteElo "2283"]
[BlackElo "2149"]
[PlyCount "97"]
[EventDate "2025.11.20"]
[WhiteTeam "SG Porz e. V."]
[BlackTeam "SC Noris-Tarrasch Nürnberg 1873"]

1. c4 Nf6 2. Nf3 g6 3. g3 d6 4. Bg2 e5 5. O-O Bg7 6. d4 Nbd7 7. Nc3 O-O 8. dxe5 dxe5 9. b3 Re8 10. Ba3 a6 11. e3 Rb8 12. Rc1 b6 13. Qe2 b5 14. Nd5 c6 15. Nxf6+ Qxf6 16. cxb5 cxb5 17. Nd2 b4 18. Bb2 Qe7 19. Rc7 Qd6 20. Rfc1 Nf8 21. Ne4 Qd8 22. R7c5 Bb7 23. Rd1 Qe7 24. Nd2 Bxg2 25. Kxg2 Red8 26. Rd5 Ne6 27. Qc4 a5 28. Qc6 Qc7 29. Rc1 Qe7 30. Ne4 h6 31. Rcd1 Rdc8 32. Qd6 Qb7 33. Qd7 Nc7 34. Nd6 Qa8 35. Qxf7+ Kh7 36. Bxe5 Rg8 37. Qxc7 h5 38. e4 Rbf8 39. Bxg7 Rxg7 40. Qc2 h4 41. Qe2 Qa7 42. f4 a4 43. e5 axb3 44. axb3 Qa8 45. Ne4 Re7 46. Qf3 Kg7 47. Rd7 Rff7 48. e6 Rxd7 49. exd7 1-0

[Event "Sparkassen-Open A"]
[Site "Heusenstamm, Martinsee"]
[Date "2025.11.22"]
[Round "5.18"]
[White "Mandalka, Justus"]
[Black "Solonar, Stefan"]
[Result "1/2-1/2"]
[WhiteElo "2006"]
[BlackElo "2250"]
[PlyCount "56"]
[EventDate "2025.11.20"]
[WhiteTeam "SK Bad Homburg 1927"]
[BlackTeam "SC Heusenstamm"]

1. e4 c5 2. Nf3 Nc6 3. d4 cxd4 4. Nxd4 e5 5. Nb5 d6 6. c4 Be7 7. N1c3 a6 8. Na3 Be6 9. Nc2 Bg5 10. Be2 Bxc1 11. Rxc1 Nf6 12. O-O O-O 13. b3 Rc8 14. f4 Qa5 15. Qe1 exf4 16. Rxf4 Qe5 17. Qg3 Ne7 18. Ne3 b5 19. Rff1 Qxg3 20. hxg3 b4 21. Ncd5 Bxd5 22. Nxd5 Nexd5 23. cxd5 Nxe4 24. Bxa6 Rc3 25. Rce1 Nc5 26. Bb5 Rc2 27. Rf4 Rxa2 28. Rxb4 Rd2 1/2-1/2

[Event "Sparkassen-Open A"]
[Site "Heusenstamm, Martinsee"]
[Date "2025.11.22"]
[Round "5.19"]
[White "Schmitzer, Klaus"]
[Black "Hötte, Philipp"]
[Result "0-1"]
[WhiteElo "2230"]
[BlackElo "2087"]
[PlyCount "178"]
[EventDate "2025.11.20"]
[WhiteTeam "SK Münster 32 e. V."]
[BlackTeam "LSV Turm Lippstadt"]

1. e4 d6 2. d4 g6 3. Nc3 Bg7 4. Be3 Nd7 5. Qd2 a6 6. f3 c5 7. Nge2 b5 8. g4 Bb7 9. h4 h5 10. gxh5 Rxh5 11. Ng3 Rh7 12. h5 cxd4 13. Bxd4 Bxd4 14. Qxd4 g5 15. O-O-O Nh6 16. Bh3 Ne5 17. Nf5 Nxf5 18. Bxf5 Rh8 19. h6 e6 20. Bg4 Ke7 21. h7 Qc7 22. Rh6 Rac8 23. a3 Qc5 24. Kb1 Qxd4 25. Rxd4 Rc4 26. Rxc4 bxc4 27. Rh2 Kf6 28. Rd2 Nxg4 29. fxg4 Ke5 30. Rh2 Bxe4 31. Rh5 f6 32. Nxe4 Kxe4 33. Rh6 Ke5 34. Kc1 f5 35. Kd2 fxg4 36. b4 d5 37. a4 g3 38. Ke3 d4+ 39. Kf3 d3 40. cxd3 c3 41. b5 c2 42. Rh1 Rxh7 43. Rc1 axb5 44. axb5 Rd7 45. Kxg3 Kf5 46. Rxc2 Rxd3+ 47. Kg2 Rb3 48. Rf2+ Kg6 49. Re2 Kf6 50. Rf2+ Ke7 51. b6 Rxb6 52. Kg3 Rb4 53. Rf1 Kd6 54. Rf8 Ke5 55. Rf7 Rf4 56. Rg7 Kf6 57. Rg8 e5 58. Ra8 Kf5 59. Rf8+ Ke4 60. Rg8 Rf1 61. Kg2 Rf5 62. Kg3 Ke3 63. Ra8 Rf1 64. Kg2 Rf4 65. Ra3+ Ke4 66. Kg3 Rf1 67. Ra4+ Kf5 68. Ra8 Rb1 69. Rf8+ Ke4 70. Ra8 Rd1 71. Rf8 Rd2 72. Kg4 Rd1 73. Kxg5 Rg1+ 74. Kh4 Ke3 75. Kh3 e4 76. Kh2 Rg7 77. Ra8 Ke2 78. Ra2+ Kf3 79. Ra1 e3 80. Rf1+ Ke2 81. Rf8 Ke1 82. Rd8 e2 83. Rd6 Rg5 84. Rd8 Kf2 85. Rf8+ Ke3 86. Re8+ Kf3 87. Re7 Rg2+ 88. Kh1 Rg4 89. Kh2 Re4 0-1

[Event "Sparkassen-Open A"]
[Site "Heusenstamm, Martinsee"]
[Date "2025.11.22"]
[Round "5.20"]
[White "Ollenberger, Roland"]
[Black "Vranckx, Oscar"]
[Result "0-1"]
[WhiteElo "2216"]
[BlackElo "2073"]
[PlyCount "132"]
[EventDate "2025.11.20"]
[WhiteTeam "SV Worms 1878"]
[BlackTeam "Sfr.Mainz 1928"]

1. e4 e6 2. d4 d5 3. exd5 exd5 4. Bf4 Bd6 5. Qd2 Bf5 6. Nc3 c6 7. O-O-O Ne7 8. f3 Ng6 9. Re1+ Be6 10. Be3 Qc7 11. h4 Bg3 12. Rd1 Bxh4 13. Bd3 Be7 14. g4 Na6 15. Nge2 Nb4 16. Rdg1 Nxd3+ 17. Qxd3 Bd6 18. Rh5 O-O-O 19. Qd2 Qd7 20. Ng3 Rde8 21. Nce2 Qe7 22. Nf1 Bd7 23. f4 f5 24. g5 Qf7 25. Rh3 Re7 26. Rgh1 Nf8 27. Nc3 g6 28. Nd1 Ne6 29. Nf2 Nxg5 30. Rh6 Ne4 31. Qe1 Nf6 32. Nd3 Ng4 33. R6h3 Re4 34. Nd2 Nxe3 35. Rxe3 Rxd4 36. c3 Ra4 37. b3 d4 38. cxd4 Rxd4 39. Nc4 Rxc4+ 40. bxc4 Qxc4+ 41. Kb1 Qb5+ 42. Ka1 Qd5 43. Qc3 Qxh1+ 44. Re1 Qxe1+ 45. Qxe1 Re8 46. Qc3 Re3 47. Qd4 Rxd3 48. Qxd3 Bxf4 49. Qd4 g5 50. Qxa7 h5 51. Qa8+ Bb8 52. Qa3 Be5+ 53. Kb1 h4 54. Qf8+ Kc7 55. Qh6 g4 56. Qxh4 g3 57. Kc2 Bd6 58. Kd2 f4 59. Ke1 f3 60. Qh5 f2+ 61. Ke2 c5 62. Qf7 Kc6 63. Qh7 Be6 64. Qe4+ Bd5 65. Qa4+ Kb6 66. Qh4 Bg2 0-1

[Event "Sparkassen-Open A"]
[Site "Heusenstamm, Martinsee"]
[Date "2025.11.22"]
[Round "5.21"]
[White "Geltz, Noah"]
[Black "Reitz, Philipp"]
[Result "1/2-1/2"]
[WhiteElo "2224"]
[BlackElo "2046"]
[PlyCount "112"]
[EventDate "2025.11.20"]
[WhiteTeam "TSV Schönaich"]
[BlackTeam "VfR-SC Koblenz"]

1. d4 c6 2. Nf3 d5 3. Bf4 Nf6 4. e3 Qb6 5. Qc1 Bf5 6. c4 Nbd7 7. Nc3 e6 8. c5 Qd8 9. b4 Ne4 10. Nxe4 Bxe4 11. Nd2 Bg6 12. Be2 f6 13. O-O e5 14. Bg3 Be7 15. Nb3 O-O 16. a4 Qe8 17. Qd2 Bd8 18. b5 Bc7 19. Rfe1 f5 20. dxe5 Bxe5 21. Rac1 Nf6 22. Bxe5 Qxe5 23. Nd4 Ne4 24. Qb4 Be8 25. Bd3 f4 26. Nf3 Qe7 27. Bxe4 dxe4 28. Nd2 Bg6 29. exf4 Rxf4 30. Rc4 Qf7 31. f3 Re8 32. Nxe4 Rf5 33. Nd6 Rxe1+ 34. Qxe1 Qd5 35. Nxf5 Qxc4 36. Qe5 Qc1+ 37. Kf2 Qc2+ 38. Kg3 Qxf5 39. Qb8+ Qf8 40. Qxb7 Qxc5 41. bxc6 Bf5 42. c7 g5 43. Qb8+ Kg7 44. Qd8 h6 45. a5 a6 46. h3 Be6 47. Kh2 h5 48. Kh1 h4 49. Kh2 Kg6 50. Qd3+ Kf6 51. Qd8+ Kf5 52. Qd3+ Ke5 53. Qd8 Qc1 54. Qb8 Kd5 55. Qd8+ Ke5 56. Qb8 Kd5 1/2-1/2

[Event "Sparkassen-Open A"]
[Site "Heusenstamm, Martinsee"]
[Date "2025.11.22"]
[Round "5.22"]
[White "Mastiuk, Ivan"]
[Black "Goldinov, Daniel"]
[Result "1-0"]
[WhiteElo "1828"]
[BlackElo "1931"]
[PlyCount "55"]
[EventDate "2025.11.20"]
[WhiteTeam "SK 1858 Gießen"]
[BlackTeam "Stuttgarter SF 1879"]

1. d4 Nf6 2. c4 c5 3. d5 e6 4. Nc3 exd5 5. cxd5 d6 6. e4 g6 7. f4 Bg7 8. e5 Nfd7 9. Nb5 dxe5 10. Nd6+ Ke7 11. Nxc8+ Qxc8 12. Nf3 Re8 13. f5 e4 14. Ng5 h6 15. d6+ Kf8 16. Nxf7 Kxf7 17. Bc4+ Kf6 18. O-O Ne5 19. Bd5 Bf8 20. fxg6+ Kxg6 21. Bxe4+ Kg7 22. Qh5 Re6 23. Bxh6+ Rxh6 24. Qxe5+ Kg8 25. Bd5+ Kh7 26. Rf7+ Kg6 27. Qg3+ Kh5 28. Bf3+ 1-0

[Event "Sparkassen-Open A"]
[Site "Heusenstamm, Martinsee"]
[Date "2025.11.22"]
[Round "5.24"]
[White "Holtel, Jasper"]
[Black "Lutterbach, Jakob"]
[Result "1/2-1/2"]
[WhiteElo "2365"]
[BlackElo "2055"]
[PlyCount "61"]
[EventDate "2025.11.20"]
[WhiteTeam "SK Doppelbauer Kiel von 1910 e.V"]
[BlackTeam "SK Bingen"]

1. c4 e6 2. g3 d5 3. Bg2 Nf6 4. Nf3 dxc4 5. Qa4+ c6 6. Qxc4 b5 7. Qb3 Bb7 8. O-O Nbd7 9. d4 a6 10. Ne5 Nxe5 11. dxe5 Nd5 12. Nc3 Be7 13. Rd1 Qb8 14. Nxd5 cxd5 15. Be3 O-O 16. Bd4 Rc8 17. e3 Qc7 18. Bf1 Qc6 19. Rd2 Rc7 20. Bd3 Rac8 21. Qd1 h6 22. Rc2 Qd7 23. Rxc7 Qxc7 24. Qe2 Qa5 25. a3 Qa4 26. Qd1 Qxd1+ 27. Rxd1 f6 28. f4 Kf7 29. Kf2 Bc6 30. Rc1 Bd7 31. Rxc8 1/2-1/2

[Event "Sparkassen-Open A"]
[Site "Heusenstamm, Martinsee"]
[Date "2025.11.22"]
[Round "5.25"]
[White "Finke, Kelsie Josefine"]
[Black "Helmer, Jan"]
[Result "0-1"]
[WhiteElo "2070"]
[BlackElo "2239"]
[PlyCount "114"]
[EventDate "2025.11.20"]
[WhiteTeam "SC Garching 1980 e.V."]
[BlackTeam "HSK Lister Turm"]

1. e4 c5 2. c3 Nf6 3. e5 Nd5 4. d4 cxd4 5. Nf3 Nc6 6. cxd4 d6 7. Bc4 dxe5 8. dxe5 Be6 9. O-O Nc7 10. Bxe6 Nxe6 11. Nc3 Qxd1 12. Rxd1 g6 13. Ng5 Nxg5 14. Bxg5 Bg7 15. f4 h6 16. Bh4 g5 17. Nd5 O-O-O 18. fxg5 Bxe5 19. Rac1 Kb8 20. gxh6 Rxh6 21. Bg3 Bxg3 22. hxg3 Rg6 23. Kf2 Rgd6 24. Ne3 Rd2+ 25. Kf3 Nd4+ 26. Ke4 Ne2 27. Rxd2 Rxd2 28. Rc2 Rxc2 29. Nxc2 Nxg3+ 30. Kf4 Nh5+ 31. Ke5 Ng7 32. Nd4 Kc7 33. g4 f6+ 34. Kd5 Kd7 35. Nb5 e6+ 36. Ke4 a6 37. Nd4 Ne8 38. Nf3 Nd6+ 39. Kd4 Nf7 40. a4 Kc6 41. b3 e5+ 42. Ke4 Nd6+ 43. Ke3 Kd5 44. g5 f5 45. g6 f4+ 46. Kf2 Ne8 47. Nh4 Ke4 48. Ke2 Ng7 49. a5 Ne6 50. Kf2 Kd3 51. Nf5 e4 52. g7 Nxg7 53. Nxg7 e3+ 54. Ke1 f3 55. Nf5 f2+ 56. Kf1 e2+ 57. Kxf2 Kd2 0-1

[Event "Sparkassen-Open A"]
[Site "Heusenstamm, Martinsee"]
[Date "2025.11.22"]
[Round "5.26"]
[White "Wachsmann, Elmar"]
[Black "Klundt, Klaus"]
[Result "0-1"]
[WhiteElo "2062"]
[BlackElo "2229"]
[PlyCount "58"]
[EventDate "2025.11.20"]
[WhiteTeam "SC Groß-Umstadt"]
[BlackTeam "SC Heusenstamm"]

1. d4 Nf6 2. c4 e6 3. Nc3 d5 4. cxd5 exd5 5. Bg5 c6 6. e3 Be7 7. Bd3 Nbd7 8. h3 O-O 9. Qc2 Re8 10. Bf4 Nf8 11. Nf3 Bd6 12. Bxd6 Qxd6 13. O-O-O b5 14. Kb1 a6 15. e4 dxe4 16. Nxe4 Nxe4 17. Bxe4 Bb7 18. Ng5 g6 19. h4 Re7 20. Bf3 f5 21. g4 fxg4 22. Bxg4 Rae8 23. f3 Qf4 24. Rhg1 Kg7 25. Ne4 c5 26. Nxc5 Bd5 27. Rd2 h5 28. Bh3 Qxf3 29. Qc3 Re3 0-1

[Event "Sparkassen-Open A"]
[Site "Heusenstamm, Martinsee"]
[Date "2025.11.22"]
[Round "5.27"]
[White "Merz, Leander"]
[Black "Marcziter, Alex"]
[Result "0-1"]
[WhiteElo "2034"]
[BlackElo "2206"]
[PlyCount "72"]
[EventDate "2025.11.20"]
[WhiteTeam "Schachforum Darmstadt 1994"]
[BlackTeam "Schachgemeinschaft Porz e. V."]

1. e4 d6 2. d4 Nf6 3. Nc3 g6 4. Be3 c6 5. f3 Nbd7 6. Qd2 b5 7. O-O-O Nb6 8. e5 Nfd5 9. Nxd5 Nxd5 10. c4 bxc4 11. Bxc4 Nxe3 12. Qxe3 Bg7 13. exd6 Qxd6 14. Ne2 O-O 15. h4 Rb8 16. Rd2 h5 17. Nc3 Bf5 18. Rg1 Kh7 19. g4 Bh6 20. g5 Bg7 21. Re1 Qb4 22. Bb3 Rb7 23. Ne2 c5 24. dxc5 Rc8 25. Nd4 Rxc5+ 26. Kd1 Rbc7 27. Nxf5 Rxf5 28. Qe4 Qc5 29. Rc2 Qd6+ 30. Rd2 Qg3 31. Rf1 Ra5 32. Bxf7 Rc6 33. Rff2 Be5 34. Qd5 Rd6 35. Bg8+ Kh8 36. Qf7 Qg1+ 0-1

[Event "Sparkassen-Open A"]
[Site "Heusenstamm, Martinsee"]
[Date "2025.11.22"]
[Round "5.28"]
[White "Kupriyanov, Daniel"]
[Black "Lu, Yunong Elias"]
[Result "1/2-1/2"]
[WhiteElo "2197"]
[BlackElo "2060"]
[PlyCount "81"]
[EventDate "2025.11.20"]
[WhiteTeam "SVKT Bad Camberg 2025"]
[BlackTeam "Hamburger SK von 1830 eV"]

1. e4 e5 2. Nf3 Nc6 3. Nc3 Nf6 4. g3 Bc5 5. Bg2 d6 6. O-O h6 7. d3 a6 8. Be3 O-O 9. h3 Be6 10. d4 exd4 11. Nxd4 Nxd4 12. Bxd4 Nd7 13. f4 Qf6 14. Bxc5 Nxc5 15. f5 Bc4 16. Rf4 Nd7 17. Qd2 Qe5 18. Rd1 f6 19. b3 Bf7 20. Kh1 Rad8 21. g4 Rfe8 22. h4 c6 23. Rg1 Nf8 24. Rf3 d5 25. Rd3 d4 26. Ne2 c5 27. g5 fxg5 28. hxg5 hxg5 29. Qxg5 Nh7 30. Qf4 Qxf4 31. Nxf4 Nf6 32. Re1 Re5 33. c3 Rde8 34. cxd4 cxd4 35. Rxd4 Rxf5 36. exf5 Rxe1+ 37. Kh2 b5 38. Rd8+ Kh7 39. Nh3 Bg8 40. Rd4 g6 41. fxg6+ 1/2-1/2

[Event "Sparkassen-Open A"]
[Site "Heusenstamm, Martinsee"]
[Date "2025.11.22"]
[Round "5.29"]
[White "Perske, Paul"]
[Black "Schlößner, Henrik"]
[Result "1-0"]
[WhiteElo "2184"]
[BlackElo "2040"]
[PlyCount "47"]
[EventDate "2025.11.20"]
[WhiteTeam "Sfr.Heidesheim"]
[BlackTeam "SK Gründau"]

1. d4 Nf6 2. c4 e6 3. Nf3 b6 4. g3 Bb7 5. Bg2 Bb4+ 6. Bd2 Bxd2+ 7. Qxd2 d5 8. cxd5 exd5 9. O-O O-O 10. Nc3 Re8 11. Rac1 c6 12. Ne5 Nbd7 13. f4 Rc8 14. e4 dxe4 15. Nxe4 Nxe4 16. Bxe4 Nxe5 17. fxe5 Rxe5 18. Bxh7+ Kh8 19. Rxf7 Re7 20. Rxe7 Qxe7 21. Re1 Qd6 22. Be4 Rd8 23. Rd1 Qe6 24. Qg5 1-0

[Event "Sparkassen-Open A"]
[Site "Heusenstamm, Martinsee"]
[Date "2025.11.22"]
[Round "5.30"]
[White "Özdemir, Ali Özden"]
[Black "Musiienko, Tymur"]
[Result "1-0"]
[WhiteElo "2049"]
[BlackElo "2193"]
[PlyCount "145"]
[EventDate "2025.11.20"]
[WhiteTeam "SK Langen"]
[BlackTeam "Wiesbadener SV 1885"]

1. e4 e5 2. Nc3 Nc6 3. g3 Nf6 4. Bg2 Bc5 5. d3 a6 6. h3 d6 7. Nge2 O-O 8. O-O h6 9. Kh2 Re8 10. f4 Ba7 11. f5 b5 12. a3 Bb7 13. g4 Nh7 14. Ng3 Nd4 15. Nb1 c5 16. c3 Nc6 17. f6 Nxf6 18. g5 Nh7 19. gxh6 g6 20. Nd2 Rf8 21. Nf3 Bc8 22. Qe1 Be6 23. h4 c4 24. Ng5 cxd3 25. Rf3 Na5 26. Rxd3 Nb3 27. Rb1 Nxc1 28. Qxc1 Rc8 29. Qd2 Qe7 30. Bh3 Bxh3 31. Kxh3 Bb8 32. Rf3 Rcd8 33. Rbf1 Rd7 34. Nxh7 Kxh7 35. h5 Qe6+ 36. Kg2 Rg8 37. Rf6 Qe8 38. Qd5 gxh5 39. Rxf7+ Rxf7 40. Rxf7+ Kxh6 41. Qd2+ Kg6 42. Rf5 Kh7 43. Kh2 Rg6 44. Qf2 Kg8 45. Nxh5 Qe7 46. Kh3 Bc7 47. Nf6+ Kg7 48. Qh4 Rxf6 49. Rg5+ Kf7 50. Qh5+ Ke6 51. Qg4+ Kf7 52. Rg7+ Kf8 53. Rxe7 Kxe7 54. Qc8 Bd8 55. Qxa6 Rf4 56. Qxb5 Kf6 57. Qd7 Be7 58. Qc6 Kg5 59. Qb7 Bf6 60. Kg3 Rg4+ 61. Kf3 Rh4 62. Qd7 Rf4+ 63. Ke3 Kh4 64. Kd3 Kg3 65. Qxd6 Kf3 66. a4 Bh4 67. Qxe5 Rg4 68. Qf5+ Rf4 69. Qh5+ Kf2 70. a5 Rf3+ 71. Kc4 Bd8 72. a6 Bb6 73. Qxf3+ 1-0

[Event "Sparkassen-Open A"]
[Site "Heusenstamm, Martinsee"]
[Date "2025.11.22"]
[Round "5.31"]
[White "Förster, Erik"]
[Black "Schröder, Jürgen"]
[Result "1-0"]
[WhiteElo "2167"]
[BlackElo "2013"]
[PlyCount "91"]
[EventDate "2025.11.20"]
[WhiteTeam "Sfr.Heidesheim"]
[BlackTeam "SC Matt im Park Ffm"]

1. d4 g6 2. g3 Bg7 3. Bg2 d6 4. e4 c5 5. dxc5 Qa5+ 6. Bd2 Qxc5 7. Nc3 Nc6 8. Nge2 Bg4 9. h3 Bxe2 10. Qxe2 Nd4 11. Qd3 b5 12. O-O Rc8 13. Rac1 Qc4 14. Rfe1 Nf6 15. Qxc4 Rxc4 16. e5 dxe5 17. Rxe5 Nd7 18. Ree1 Nb6 19. Nd5 Nxd5 20. Bxd5 Rc5 21. Bg2 Ne6 22. Bb4 Rc7 23. c3 O-O 24. Rcd1 Bf6 25. Rd5 a6 26. a4 bxa4 27. Ra5 Rd8 28. Rxa4 Rd2 29. Ba3 Kg7 30. Rxa6 Nc5 31. Rb6 Nd3 32. Rf1 Ra7 33. Rb3 Ra5 34. Bc6 Ra6 35. Be4 Re6 36. Bxd3 Rxd3 37. Bc5 Re2 38. Be3 Be5 39. Rb7 e6 40. Ra1 Bxg3 41. Raa7 Kg8 42. Rxf7 Be5 43. Bh6 Rd1+ 44. Kg2 Rd8 45. Bg7 Rdd2 46. Rf8# 1-0

[Event "Sparkassen-Open A"]
[Site "Heusenstamm, Martinsee"]
[Date "2025.11.22"]
[Round "5.32"]
[White "Thomas, Tobias"]
[Black "Sheng, Ming"]
[Result "1-0"]
[WhiteElo "1994"]
[BlackElo "2178"]
[PlyCount "77"]
[EventDate "2025.11.20"]
[WhiteTeam "SK Langen"]
[BlackTeam "SVG Saarbrücken 1970 e.V."]

1. c4 e6 2. g3 Nf6 3. Bg2 d5 4. Nf3 Be7 5. O-O O-O 6. b3 c5 7. cxd5 Nxd5 8. d4 Nc6 9. Bb2 cxd4 10. Nxd4 Bd7 11. Na3 Nxd4 12. Qxd4 Bf6 13. Qd2 Bc6 14. Nc4 Bxb2 15. Qxb2 b6 16. Rfd1 Qf6 17. Qxf6 gxf6 18. Rac1 Rac8 19. Nd6 Rc7 20. Bxd5 exd5 21. Nb5 Bxb5 22. Rxc7 Bxe2 23. Rxd5 Re8 24. f4 Bf3 25. Rdd7 Kg7 26. Rxf7+ Kg6 27. Kf2 Bg4 28. Rg7+ Kf5 29. Rge7 Rd8 30. Rcd7 Rc8 31. Rd2 h5 32. Rxa7 h4 33. gxh4 Kxf4 34. Ra4+ Kf5 35. Rc4 Rb8 36. Rc6 b5 37. h3 Bh5 38. Rd5+ Kg6 39. Rg5+ 1-0

[Event "Sparkassen-Open A"]
[Site "Heusenstamm, Martinsee"]
[Date "2025.11.22"]
[Round "5.33"]
[White "Heindrich, Mark"]
[Black "Kather, Yannick"]
[Result "1-0"]
[WhiteElo "2038"]
[BlackElo "2153"]
[PlyCount "119"]
[EventDate "2025.11.20"]
[WhiteTeam "SAbt TuS Dotzheim"]
[BlackTeam "SV Mattnetz Berlin e.V."]

1. e4 c5 2. c3 Nf6 3. e5 Nd5 4. Bc4 Nb6 5. Bb3 c4 6. Bc2 Nc6 7. Nf3 Qc7 8. Qe2 g5 9. h3 Bg7 10. Na3 Nxe5 11. Nxg5 h6 12. Nf3 Nxf3+ 13. Qxf3 Qe5+ 14. Kd1 Qf6 15. Qe2 d5 16. d3 Bf5 17. d4 Bxc2+ 18. Nxc2 O-O-O 19. f4 h5 20. Ne1 Kb8 21. Nf3 Nc8 22. Re1 Qf5 23. Ne5 h4 24. Qg4 Qxg4+ 25. Nxg4 e6 26. Ne5 Nd6 27. Nf3 Bf6 28. Ke2 Rdg8 29. Kf1 Rg6 30. Bd2 Ne4 31. Kg1 Be7 32. f5 exf5 33. Bf4+ Kc8 34. Re2 f6 35. Rae1 Bd8 36. Re3 a6 37. R1e2 Rg7 38. Nh2 Bc7 39. Rf3 Rh5 40. Nf1 Ng3 41. Nxg3 hxg3 42. Re6 Kd7 43. Rxf6 Ke7 44. Bxc7 Kxf6 45. Be5+ Kf7 46. Bxg7 Kxg7 47. Rxg3+ Kf7 48. Kf2 Rh6 49. Re3 Rb6 50. Re2 Kf6 51. Kf3 Kg5 52. g3 Kg6 53. Kf4 Kf6 54. h4 Rb5 55. h5 Rb6 56. Rh2 Kg7 57. Kxf5 Rf6+ 58. Ke5 Rf3 59. Kxd5 Rxg3 60. Kxc4 1-0

[Event "Sparkassen-Open A"]
[Site "Heusenstamm, Martinsee"]
[Date "2025.11.22"]
[Round "5.34"]
[White "Lauer, Marius"]
[Black "Mährlein, Christoph"]
[Result "1-0"]
[WhiteElo "2151"]
[BlackElo "2024"]
[PlyCount "69"]
[EventDate "2025.11.20"]
[WhiteTeam "SK Kaiserslautern 1905"]
[BlackTeam "SC Pforzheim 1906"]

1. Nf3 d5 2. e3 c6 3. c4 e6 4. b3 Nf6 5. Nc3 Nbd7 6. Bb2 Bd6 7. Qc2 O-O 8. Be2 Qe7 9. Rg1 e5 10. g4 e4 11. g5 exf3 12. gxf6 Nxf6 13. Bxf3 dxc4 14. bxc4 Ba3 15. Ne4 Bxb2 16. Qxb2 Ne8 17. c5 g6 18. Rc1 Be6 19. Ng5 Ng7 20. h4 h6 21. Ne4 Ne8 22. h5 g5 23. Be2 Bd5 24. Ng3 f5 25. Bd3 Ng7 26. f4 gxf4 27. Nxf5 Rxf5 28. Bxf5 fxe3 29. Rc3 Qh4+ 30. Kd1 e2+ 31. Kc2 Be4+ 32. Bxe4 Qxe4+ 33. Rd3 e1=N+ 34. Kd1 Qa4+ 35. Rb3 1-0

[Event "Sparkassen-Open A"]
[Site "Heusenstamm, Martinsee"]
[Date "2025.11.22"]
[Round "5.35"]
[White "Schreidl, Michael"]
[Black "Klein, Levent"]
[Result "1/2-1/2"]
[WhiteElo "2027"]
[BlackElo "2142"]
[PlyCount "81"]
[EventDate "2025.11.20"]
[WhiteTeam "SK Frankenthal"]
[BlackTeam "SK Kaiserslautern 1905"]

1. Nf3 d5 2. g3 Nf6 3. Bg2 c6 4. O-O Bf5 5. d3 e6 6. Nbd2 h6 7. Re1 Be7 8. e4 O-O 9. a3 a5 10. b3 Na6 11. Bb2 Bh7 12. Rc1 Rc8 13. d4 Nb8 14. Ne5 Nbd7 15. Nxd7 Qxd7 16. c4 Nxe4 17. Nxe4 dxe4 18. Bxe4 Bxe4 19. Rxe4 Bg5 20. Rc3 Rfd8 21. Rd3 Bf6 22. Re2 Qc7 23. Bc1 Rd7 24. Bf4 Qd8 25. Red2 Qe7 26. Be5 Qxa3 27. Bxf6 gxf6 28. Qh5 Kg7 29. d5 Re7 30. Qg4+ Kh7 31. dxe6 fxe6 32. Rd8 Rxd8 33. Rxd8 Qc1+ 34. Kg2 Qg5 35. Qd4 e5 36. Qd6 Qg7 37. Qc5 Rd7 38. Rxd7 Qxd7 39. Qxa5 h5 40. h4 Kg6 41. Qc5 1/2-1/2